Logo des entreprises du Dow Jones - Statistiques

Statistiques générales
  • Ce quiz a été pris 41 fois
  • Le résultat moyen est 16 sur 30
Statistiques - réponses
Par images Hint Réponse % Correct
E-commerce, cinéma, robotique Amazon
100%
Technologie Apple
100%
Services financiers American Express
97%
Restauration rapide McDonald's
97%
Logiciel, IA Microsoft
97%
Équipement et habillements sportifs Nike
97%
Boisson, agroalimentaire Coca-Cola
93%
Services bancaires Visa
87%
Technologie, IA Nvidia
83%
Divertissement Walt Disney Company
83%
Matériel de chantier Caterpillar
77%
Aéronautique Boeing
70%
Logiciel, services informatiques IBM
70%
Chimie, électronique, entretien 3M
67%
Distribution Walmart
57%
Banque, services financiers Goldman Sachs
37%
Industrie pétrolière Chevron
30%
Réseautique Cisco
30%
Entretien, pharmacie, alimentation Procter & Gamble
30%
Éditeur de logiciel Salesforce
27%
Distribution, bricolage The Home Depot
27%
Chimie Honeywell
23%
Pharmacie Johnson & Johnson
23%
Télécommunications Verizon
17%
Biotechnologie Amgen
13%
Pharmacie Merck
13%
Banque, services financiers JPMorgan Chase
10%
Assurance UnitedHealth Group
10%
Matériaux de construction Sherwin-Williams
3%
Assurance Travelers Companies
3%
Aucun quiz correspondant
Distribution des résultats
% des personnes avec chaque résultat
Percentile par nombre de réponses
Votre historique - résultats
Vous n’avez pas pris ce quiz